| 000 | 00886pam a2200253 a 4500 | ||
|---|---|---|---|
| 001 | 015955765 | ||
| 003 | Uk | ||
| 005 | 20130203140853.0 | ||
| 008 | 111019s2012 enka b 001 0 eng d | ||
| 020 | _a0857937715 (hbk.) | ||
| 020 | _a9780857937711 (hbk.) | ||
| 082 | 0 | 4 |
_a338.064 _223 _bFOU |
| 245 | 0 | 0 |
_aFoundations of the Knowledge Economy : _bInnovation, Learning and Clusters / _cedited by Knut Ingar Westeren. |
| 260 |
_aCheltenham : _bEdward Elgar, _cc2012. |
||
| 300 |
_avii, 283 p. : _bill. ; _c25 cm. |
||
| 500 |
_aFormerly CIP. _5Uk |
||
| 504 | _aIncludes bibliographical references and index. | ||
| 650 | 0 |
_aKnowledge management _xEconomic aspects. _932353 |
|
| 650 | 0 |
_aTechnological innovations _xEconomic aspects. _93781 |
|
| 653 |
_bPol _cFebruary2013 |
||
| 690 | 7 |
_aManagement and Business Studies _2blcoll |
|
| 700 | 1 |
_aWesteren, Knut Ingar. _932354 |
|
| 942 |
_2ddc _cBB |
||
| 999 |
_c17214 _d17186 |
||